| 000 | 00725nam a2200205 a 4500 | ||
|---|---|---|---|
| 001 | 000043556 | ||
| 005 | 20201002044841.0 | ||
| 008 | 140325s2013 dr ac 000 0 spa d | ||
| 020 | _a9789945583465 | ||
| 040 |
_aDO-SdBNP _bspa _cBNPHU |
||
| 082 |
_aRD866.44 _bG194c |
||
| 100 | 1 |
_aGamundi Cordero, Rafael, _d1933- _971352 |
|
| 245 | 1 | 0 |
_aCartas a mi Amada / _cRafael Gamundi Cordero. |
| 260 |
_aSanto Domingo : _bSantuario, _c2013. |
||
| 300 |
_a175 P. : _bil., retrs. ; _c23 cm. |
||
| 500 | _aIncluye datos biográficos del autor en la solapa de la cubierta | ||
| 600 | 1 | 4 |
_aGAMUNDI CORDERO, RAFAEL _xCORRESPONDENCIA, MEMORIAS, ETC. _971353 |
| 650 | 4 |
_aCartas dominicanas _914827 |
|
| 910 | _aValidado. Control de calidad MFF | ||
| 999 |
_c43045 _d43045 |
||